000 00487cam a2200145 4500500
005 20251012021644.0
041 _afre
042 _adc
100 1 0 _aKoller, Sylvie
_eauthor
245 0 0 _aArnaud Esquerre Liberté, vérité, démocratie Climats, 2025, 120 pages, 18 €.
260 _c2025.
500 _a25
786 0 _nÉtudes | Avril | 4 | 2025-03-24 | p. 140-141 | 0014-1941
856 4 1 _uhttps://shs.cairn.info/revue-etudes-2025-4-page-140a?lang=fr&redirect-ssocas=7080
999 _c1539012
_d1539012